01683nam a2200265 i 4500003000900000005001700009007000300026008004100029040003000070082001300100100002100113245007000134264004300204300004100247336002700288337003400315338002800349490005200377500031400429500004900743500005500792520051900847521001901366700003201385DO-SdBNP20240321120929.0ta110413s2016 dr a 000 j spa d aDO-SdBNPbspacBNPHUerda bF9532221 aFuei Liao , Yuan13aEl león y el balón /cYuan Fuei Liao ; ilustrador Kutty Reyes 1aSanto Domingo :bUSAID,bUNIBE,c2016. a8 páginas c22 cm.bIlustraciones  2rdacontentatextobtxt 2rdamediaasin mediación bn 2rdacarrieravolumenbnc1 aLibros decodificablesaProyecto leervEtapa D-2 aLos libros decodificables están compuestos de textos redactados con dificultad progresiva. Cada etapa decodificable enfatiza ciertas combinaciones de letras y sonidos tomando en cuenta el orden de frecuencia en la que aparecen en el idioma español, y el nivel de dificultad de la relación letra-sonidos. aCombinación de grafemas: y, f, p, t, b, d. aGrafemas anteriores: a, m, e, n, o, s, i, l, u, y. aMi papá ha plantado un bambú y ahora lo está abonando. El tiempo pasa y pasa, y el bambú sube y sube: va creciendo muy bien. Ya el bambú está muy sólido porque es fuerte. Llega una mula a curiosear. La mula piensa hacerle algo a la mata de bambú. El animal apunta con una pata al bambú. Le da una patada fuerte, pensando que así tumbará al bambú. Lo único que ha logrado la mula es lastimar su pata, que ahora está tiesa y con mucho dolor. Al bambú no le ha pasado nada. ¡Pobre mula! aNivel primario aReyes, Kuttyeilustraciones